Normal view
MARC view
- تالسف درويش، كامل / م.مشارك طانيوس منعم
Entry Personal Name
001 - CONTROL NUMBER
- control field: 10264
003 - CONTROL NUMBER IDENTIFIER
- control field: JO-AjAnu
005 - DATE AND TIME OF LATEST TRANSACTION
- control field: 20230606071940.0
008 - FIXED-LENGTH DATA ELEMENTS
- fixed length control field: 230606|| aca||aabn | a|a d
040 ## - CATALOGING SOURCE
- Original cataloging agency: JO-AjAnu
- Transcribing agency: JO-AjAnu
100 ## - HEADING--PERSONAL NAME
- Personal name: تالسف درويش، كامل / م.مشارك طانيوس منعم
670 ## - SOURCE DATA FOUND
- Source citation: Work cat.: (JO-AjAnu)5286: تالسف درويش، كامل / م.مشارك طانيوس منعم, author, النصوص الأدبية وفقا للمنهاج الرسمي الجديد: دراسة وتحليلا ونقدا